Podíl vysokých škol na vytváření klastrů v České republice
Vytváranie klastrov v regiónoch. Najznámejšie klastre vo svete. Vysoké školy a ich pôsobnosť klastroch v Českej republike. Zapájanie vysokých škôl do tvorby klastrov v jednotlivých regiónoch ČR. Dôležitý význam klastrov pre vysoké školy. Finančné možnosti podpory klastrov. Rozloženie priemyselných o...
Guardado en:
| Autor principal: | |
|---|---|
| Formato: | Capítulo de libro |
| Lenguaje: | checo |
| Materias: | |
| Etiquetas: |
Sin Etiquetas, Sea el primero en etiquetar este registro!
|
MARC
| LEADER | 00000naa$a2200000$$$4500 | ||
|---|---|---|---|
| 001 | 0035597 | ||
| 005 | 20230919104338.6 | ||
| 041 | 0 | |a cze | |
| 044 | |a CZ | ||
| 245 | 1 | 0 | |a Podíl vysokých škol na vytváření klastrů v České republice |c Marcela Šmídová |
| 520 | |a Vytváranie klastrov v regiónoch. Najznámejšie klastre vo svete. Vysoké školy a ich pôsobnosť klastroch v Českej republike. Zapájanie vysokých škôl do tvorby klastrov v jednotlivých regiónoch ČR. Dôležitý význam klastrov pre vysoké školy. Finančné možnosti podpory klastrov. Rozloženie priemyselných oborov v jednotlivých regiónoch ČR. | ||
| 610 | 2 | 0 | |a klaster |
| 610 | 2 | 0 | |a firmy |
| 610 | 2 | 0 | |a odvetvia priemyselné |
| 610 | 2 | 0 | |a regióny |
| 610 | 2 | 0 | |a Česko |
| 610 | 2 | 0 | |a svet |
| 610 | 2 | 0 | |a politika regionálna |
| 610 | 2 | 0 | |a programy |
| 610 | 2 | 0 | |a školy vysoké |
| 610 | 2 | 0 | |a spolupráca vedeckovýskumná |
| 100 | 1 | |a Šmídová, Marcela | |